লালন দর্শনে মানবতাবাদ = Humanism in the philosophy of Lalon / (Record no. 38935)
[ view plain ]
| 000 -LEADER | |
|---|---|
| fixed length control field | 01065nam a2200241 a 4500 |
| 001 - CONTROL NUMBER | |
| control field | 38935 |
| 003 - CONTROL NUMBER IDENTIFIER | |
| rucl marc code | BD-RjUL |
| 005 - DATE AND TIME OF LATEST TRANSACTION | |
| control field | 20211209052903.0 |
| 008 - FIXED-LENGTH DATA ELEMENTS--GENERAL INFORMATION | |
| fixed length control field | 160323s2014 bg a||| b||| 000 0bben d |
| 020 ## - INTERNATIONAL STANDARD BOOK NUMBER | |
| International Standard Book Number | 9847020500582 |
| Terms of availability | : TK.350.00 |
| 035 ## - SYSTEM CONTROL NUMBER | |
| System control number | (BD-RjUL)39045 |
| 040 ## - CATALOGING SOURCE | |
| Original cataloging agency | BD-RjUL |
| Language of cataloging | ben |
| Transcribing agency | BD-RjUL |
| 041 ## - LANGUAGE CODE | |
| Language code of text/sound track or separate title | ben |
| 082 ## - DEWEY DECIMAL CLASSIFICATION NUMBER | |
| Edition number | 23 |
| Author mark and year | KHL 2014 |
| Classification number | 891.44384 |
| 100 ## - MAIN ENTRY--PERSONAL NAME | |
| Personal name | খালেদউজ্জামান, মো: |
| 9 (RLIN) | 120175 |
| 245 10 - TITLE STATEMENT | |
| Title | লালন দর্শনে মানবতাবাদ = Humanism in the philosophy of Lalon / |
| Statement of responsibility, etc. | মো.খালেদউজ্জামান |
| 260 ## - PUBLICATION, DISTRIBUTION, ETC. (IMPRINT) | |
| Place of publication, distribution, etc. | ঢাকা: |
| Name of publisher, distributor, etc. | নভেল পাবলিশিং হাউস, |
| Date of publication, distribution, etc. | ২০১৪. |
| 300 ## - PHYSICAL DESCRIPTION | |
| Pagination | ৩৩৬ পৃ. : |
| Illustrations | চিত্র. ; |
| Size | ২২ সেমি. |
| 504 ## - BIBLIOGRAPHY, ETC. NOTE | |
| Bibliography, etc | গ্রন্থপঞ্জী সংযুক্ত |
| 600 ## - SUBJECT ADDED ENTRY--PERSONAL NAME | |
| Personal name | শাহ,লালন |
| Dates associated with a name | ১৭৭৪-১৮৯০ |
| General subdivision | সমালোচনা ও ব্যাখ্যা |
| Personal name | Shah, Lalon |
| Dates associated with a name | 1774-1890 |
| General subdivision | Criticism and interpretation |
| 942 ## - ADDED ENTRY ELEMENTS (KOHA) | |
| Source of classification or shelving scheme | Dewey Decimal Classification |
| Koha item type | Books |
| Lost status | Source of classification or shelving scheme | Damaged status | Not for loan | Collection code | Permanent Location | Current Location | Shelving location | Date acquired | Source of acquisition | Cost, normal purchase price | Total Checkouts | Full call number | Date last seen | Copy number | Koha item type | Date checked out |
|---|---|---|---|---|---|---|---|---|---|---|---|---|---|---|---|---|
| Dewey Decimal Classification | Not For Loan | Non-fiction | Central Library, University of Rajshahi | Central Library, University of Rajshahi | Reading Room | 30/05/2015 | Institution of Research & Education,R.U. | 350.00 | B 891.44384 KHL 2014 | 23/03/2016 | C-1 | Books | ||||
| Dewey Decimal Classification | Non-fiction | Central Library, University of Rajshahi | Central Library, University of Rajshahi | 30/05/2015 | Institution of Research & Education,R.U. | 350.00 | 1 | B 891.44384 KHL 2014 | 13/03/2024 | C-2 | Books | 27/02/2024 | ||||
| Dewey Decimal Classification | Non-fiction | Central Library, University of Rajshahi | Central Library, University of Rajshahi | 30/05/2015 | Institution of Research & Education,R.U. | 350.00 | 4 | B 891.44384 KHL 2014 | 12/08/2018 | C-3 | Books | 06/08/2018 | ||||
| Dewey Decimal Classification | Non-fiction | Central Library, University of Rajshahi | Central Library, University of Rajshahi | 30/05/2015 | Institution of Research & Education,R.U. | 350.00 | 3 | B 891.44384 KHL 2014 | 03/09/2018 | C-4 | Books | 13/08/2018 | ||||
| Dewey Decimal Classification | Non-fiction | Central Library, University of Rajshahi | Central Library, University of Rajshahi | 30/05/2015 | Institution of Research & Education,R.U. | 350.00 | 3 | B 891.44384 KHL 2014 | 18/10/2017 | C-5 | Books | 25/09/2017 |